Vestnik Moskovskogo Universiteta Naučnyj žurnal

Guardado en:
Detalles Bibliográficos
Formato: Seriadas
Lenguaje:ruso
inglés
Publicado: Moskva Izdatel'stvo Moskovskogo universiteta
Etiquetas: Agregar Etiqueta
Sin Etiquetas, Sea el primero en etiquetar este registro!

MARC

LEADER 00000nas1a2200000 4500
001 0254389
005 20230505094812.0
022 |a 2413-631X 
022 |a 0201-7385 
041 0 |a rus 
041 0 |a eng 
044 |a RU 
245 1 0 |a Vestnik Moskovskogo Universiteta  |b Naučnyj žurnal 
264 1 |a Moskva  |b Izdatel'stvo Moskovskogo universiteta